[Event "EU-chT Seniors 07th"]
[Site "Dresden"]
[Date "2005.02.20"]
[Round "3"]
[White "Hermann, Armin"]
[Black "Walter, Guenter"]
[Result "1/2-1/2"]
[WhiteElo "2151"]
[BlackElo "2271"]
[EventDate "2005.02.18"]
[PlyCount "20"]

1.d4 d6 2.e4 g6 3.Nf3 Nf6 4.Nbd2 Bg7 5.Bc4 O-O 6.O-O d5 7.Bd3 dxe4 8.Nxe4 
Nxe4 9.Bxe4 Nd7 10.c3 Nf6 1/2-1/2

[Event "EU-chT Seniors 07th"]
[Site "Dresden"]
[Date "2005.02.20"]
[Round "3"]
[White "Hoen, Ragnar Harald"]
[Black "Hampel, Johannes"]
[Result "1-0"]
[WhiteElo "2271"]
[BlackElo "2188"]
[EventDate "2005.02.18"]
[PlyCount "43"]

1.e4 e6 2.d4 d5 3.Nc3 Nf6 4.Bg5 Be7 5.Bxf6 Bxf6 6.Nf3 c5 7.exd5 Qb6 8.Bb5+
Bd7 9.Bxd7+ Nxd7 10.O-O cxd4 11.dxe6 fxe6 12.Ne4 Rd8 13.Re1 O-O 14.Qd3 
Rfe8 15.b4 Qxb4 16.Rab1 Qa5 17.Rxb7 Nc5 18.Nxf6+ Kf8 19.Qxh7 Nxb7 20.Qg8+ 
Ke7 21.Qxg7+ Kd6 22.Qxb7 1-0

[Event "EU-chT Seniors 07th"]
[Site "Dresden"]
[Date "2005.02.20"]
[Round "3"]
[White "Jaeger, Erich"]
[Black "Just, Joachim"]
[Result "0-1"]
[WhiteElo "2106"]
[BlackElo "2159"]
[EventDate "2005.02.18"]
[PlyCount "133"]

1.c4 e5 2.Nc3 Nf6 3.g3 d5 4.cxd5 Nxd5 5.Bg2 Nb6 6.Nf3 Nc6 7.d3 Be7 8.O-O 
Be6 9.b3 O-O 10.Bb2 f5 11.e3 Bf6 12.Ne2 Qd7 13.d4 e4 14.Nd2 Nb4 15.Ba3 a5 
16.Nf4 Bf7 17.h4 Rfd8 18.Qc1 N6d5 19.Nxd5 Bxd5 20.Qc3 c5 21.Nc4 cxd4 22.
exd4 Rac8 23.Bxb4 axb4 24.Qxb4 Bxc4 25.bxc4 Bxd4 26.Rab1 b6 27.Qb3 Qe6 28.
Rfc1 h6 29.Rc2 Bc5 30.Bf1 Ra8 31.a4 Ra7 32.Be2 Rad7 33.Kg2 Qe5 34.Qb2 Qe7 
35.Qc1 Qe5 36.Qf4 Qf6 37.h5 Rd4 38.Rbb2 Qc6 39.Qxf5 Rf8 40.Qh3 Rd3 41.Bg4 
e3+ 42.f3 Kh8 43.Bf5 Rd4 44.Ra2 Qf6 45.Bg4 Rd1 46.Re2 Qd4 47.Be6 Qc3 48.
Bd5 Qc1 49.f4 Rd2 50.Qg4 Qd1 51.Qf3 Rxa2 52.Rxa2 Qb3 53.Qe2 Rd8 54.Qc2 Qb4
55.Qe2 Qc3 56.Rc2 Qd4 57.Kh2 Rf8 58.Kg2 Re8 59.Ra2 Bb4 60.Rc2 Bd2 61.Bf3 
Rd8 62.Bd5 Rxd5 63.cxd5 Qe4+ 64.Kh2 Qxc2 65.d6 Qf5 66.Qf3 Qd3 67.Qa8+ 0-1

[Event "EU-chT Seniors 07th"]
[Site "Dresden"]
[Date "2005.02.20"]
[Round "3"]
[White "James, Geoffrey H"]
[Black "Vucenovic, Dragomir"]
[Result "0-1"]
[WhiteElo "2208"]
[BlackElo "2277"]
[EventDate "2005.02.18"]
[PlyCount "124"]

1.e4 e5 2.Nf3 Nf6 3.Nxe5 d6 4.Nf3 Nxe4 5.d4 d5 6.Bd3 Nc6 7.O-O Be7 8.c3 
Bg4 9.Nbd2 f5 10.Qb3 Nxd2 11.Nxd2 Qd7 12.f4 Rb8 13.Nf3 Bxf3 14.Rxf3 O-O 
15.Qc2 Nd8 16.Be3 g6 17.Rg3 Bh4 18.Rh3 Bf6 19.Bf2 Nf7 20.Bh4 Bxh4 21.Rxh4 
Rbe8 22.Qf2 Qe7 23.Rh3 Nd6 24.Rf1 c6 25.Qc2 b5 26.a4 a6 27.Rhf3 Ne4 28.Ra1
Rb8 29.Rff1 Qb7 30.axb5 axb5 31.b4 Ra8 32.Qb2 Rxa1 33.Rxa1 Qc7 34.g3 h5 
35.Kg2 h4 36.Ra3 hxg3 37.hxg3 Qe7 38.Qa1 Nf6 39.Qg1 Ng4 40.Ra2 Re8 41.Re2 
Qd8 42.Qe1 Rxe2+ 43.Qxe2 Kf7 44.Qe1 Qh8 45.Qg1 Qa8 46.Qe1 Qa2+ 47.Be2 Nf6 
48.Kf3 Qb2 49.Bd3 Nd7 50.g4 fxg4+ 51.Kxg4 Qg2+ 52.Qg3 Nf6+ 53.Kh4 Qh1+ 54.
Qh3 Qxh3+ 55.Kxh3 Ne4 56.Bxe4 dxe4 57.Kg3 Kf6 58.Kf2 Ke6 59.Ke2 Kd5 60.Ke3
Kc4 61.Kxe4 Kxc3 62.Ke5 Kxb4 0-1

[Event "EU-chT Seniors 07th"]
[Site "Dresden"]
[Date "2005.02.20"]
[Round "3"]
[White "Kahn, Peter"]
[Black "Klundt, Klaus"]
[Result "1/2-1/2"]
[WhiteElo "2130"]
[BlackElo "2385"]
[EventDate "2005.02.18"]
[PlyCount "41"]

1.e4 c5 2.c3 Nf6 3.e5 Nd5 4.d4 cxd4 5.Nf3 Nc6 6.cxd4 d6 7.Bc4 Nb6 8.Bb5 
dxe5 9.Nxe5 Bd7 10.Nxd7 Qxd7 11.Nc3 Rd8 12.Be3 g6 13.Qf3 Bg7 14.Rd1 O-O 
15.O-O Nd5 16.Nxd5 Qxd5 17.Qxd5 Rxd5 18.Bxc6 bxc6 19.Rd2 Rfd8 20.Rfd1 Kf8 
21.Kf1 1/2-1/2

[Event "EU-chT Seniors 07th"]
[Site "Dresden"]
[Date "2005.02.20"]
[Round "3"]
[White "Kalmutzki, Manfred"]
[Black "Flockhart, Hugh"]
[Result "1/2-1/2"]
[WhiteElo "1729"]
[BlackElo "1934"]
[EventDate "2005.02.18"]
[PlyCount "21"]

1.d4 Nf6 2.c4 c5 3.Nf3 cxd4 4.Nxd4 Nc6 5.e3 g6 6.Be2 Bg7 7.O-O O-O 8.Nc3 
d6 9.a3 a6 10.Qc2 Ng4 11.Nf3 1/2-1/2

[Event "EU-chT Seniors 07th"]
[Site "Dresden"]
[Date "2005.02.20"]
[Round "3"]
[White "Kanibalotska, Elisaweta"]
[Black "Haug, Kjell Martin"]
[Result "0-1"]
[WhiteElo "1669"]
[BlackElo "1985"]
[EventDate "2005.02.18"]
[PlyCount "86"]

1.Nf3 Nf6 2.g3 g6 3.Bg2 Bg7 4.O-O O-O 5.d3 d6 6.e4 e5 7.Nbd2 Bd7 8.Re1 Qc8
9.Nc4 Nc6 10.c3 Re8 11.Ne3 Ne7 12.Qc2 Rb8 13.a4 Nh5 14.Bd2 Kh8 15.h4 Rf8 
16.Qc1 b6 17.b4 a6 18.a5 b5 19.Nf1 Ng8 20.Ne3 c6 21.Rb1 f5 22.exf5 gxf5 
23.Bh3 f4 24.Bxd7 Qxd7 25.gxf4 Rxf4 26.Ng5 Rbf8 27.Qd1 Ngf6 28.Ng2 Rf5 29.
Be3 Qe8 30.c4 h6 31.Ne4 Nxe4 32.dxe4 R5f6 33.cxb5 cxb5 34.Rc1 Nf4 35.Bxf4 
exf4 36.Qf3 Rg6 37.Kf1 Be5 38.Ke2 Rfg8 39.Qh5 Qf7 40.Kf1 f3 41.Rc2 Kh7 42.
Rec1 Qf4 43.Rc7+ Kh8 0-1

[Event "EU-chT Seniors 07th"]
[Site "Dresden"]
[Date "2005.02.20"]
[Round "3"]
[White "Kortschnoj, Viktor"]
[Black "Richardson, Keith B"]
[Result "1-0"]
[WhiteElo "2617"]
[BlackElo "2222"]
[EventDate "2005.02.18"]
[PlyCount "55"]

1.d4 Nf6 2.c4 g6 3.Nc3 Bg7 4.e4 d6 5.Be2 O-O 6.Bg5 Na6 7.f4 c6 8.Nf3 Nc7 
9.d5 Na6 10.Nd2 Nc5 11.b4 Ng4 12.Qc1 Na6 13.Bxg4 Bxg4 14.Rb1 Qb6 15.c5 
dxc5 16.Nc4 Qc7 17.b5 Nb4 18.O-O cxd5 19.Nxd5 Nxd5 20.exd5 Rad8 21.d6 exd6
22.Bxd8 Rxd8 23.Ne3 Be6 24.f5 Bxa2 25.Ra1 Re8 26.Rxa2 Rxe3 27.f6 Bh6 28.
Re2 1-0

[Event "EU-chT Seniors 07th"]
[Site "Dresden"]
[Date "2005.02.20"]
[Round "3"]
[White "Krieger, Hermann"]
[Black "Boehnisch, Manfred"]
[Result "0-1"]
[WhiteElo "2260"]
[BlackElo "2364"]
[EventDate "2005.02.18"]
[PlyCount "80"]

1.e4 c6 2.d4 d5 3.exd5 cxd5 4.c4 Nf6 5.Nc3 Nc6 6.Bg5 dxc4 7.Bxc4 Qxd4 8.
Qb3 Qe5+ 9.Be3 e6 10.Nf3 Qa5 11.O-O Be7 12.Rfd1 O-O 13.Nb5 a6 14.Nd6 Bxd6 
15.Rxd6 Qc7 16.Qa3 b5 17.Qc5 Bb7 18.Bd3 Nd7 19.Bxh7+ Kxh7 20.Qh5+ Kg8 21.
Rxd7 Qxd7 22.Ng5 Qd3 23.Bc5 Qg6 24.Qxg6 fxg6 25.Bxf8 Rxf8 26.Nxe6 Rf5 27.
f4 Rd5 28.Re1 Nb4 29.Ng5 Bc6 30.Re6 Rc5 31.Rd6 Rc1+ 32.Kf2 Kf8 33.Rxg6 
Rc2+ 34.Kg3 Rxg2+ 35.Kh3 Rxb2 36.Ne6+ Ke7 37.f5 Be4 38.Nd4 Kf7 39.Rg4 Bd5 
40.a3 Nd3 0-1

[Event "EU-chT Seniors 07th"]
[Site "Dresden"]
[Date "2005.02.20"]
[Round "3"]
[White "Krylov, Stanislav"]
[Black "Shapiro, Yosip"]
[Result "1-0"]
[WhiteElo "2234"]
[BlackElo "2123"]
[EventDate "2005.02.18"]
[PlyCount "57"]

1.e4 c5 2.Nf3 e6 3.d4 cxd4 4.Nxd4 Nf6 5.Bd3 Nc6 6.Nxc6 dxc6 7.O-O e5 8.Nd2
Bg4 9.Qe1 Bc5 10.Nc4 Qe7 11.Be3 O-O 12.f3 b5 13.Qf2 Bxe3 14.Nxe3 Be6 15.a4
a6 16.Kh1 Nh5 17.g3 g5 18.Qd2 f6 19.Qc3 Rfc8 20.axb5 cxb5 21.Qa3 Qb7 22.
Qb4 Qb6 23.Nd5 Bxd5 24.exd5 Qd4 25.Qxd4 exd4 26.Rfe1 Rc5 27.d6 f5 28.d7 
Nf6 29.Rxa6 1-0

[Event "EU-chT Seniors 07th"]
[Site "Dresden"]
[Date "2005.02.20"]
[Round "3"]
[White "Kverndal, Leif"]
[Black "Ruf, Karl"]
[Result "1-0"]
[WhiteElo "1948"]
[BlackElo "1604"]
[EventDate "2005.02.18"]
[PlyCount "107"]

1.d4 Nf6 2.c4 g6 3.Nf3 Bg7 4.g3 d5 5.Bg2 O-O 6.O-O dxc4 7.Ne5 c6 8.Nxc4 
Nbd7 9.Nc3 Nb6 10.Ne5 Nfd5 11.Nxd5 Nxd5 12.e4 Nb6 13.f4 Be6 14.b3 Qc7 15.
Bb2 Nd7 16.Rc1 Nxe5 17.fxe5 Qb6 18.Kh1 Rad8 19.Qc2 Rc8 20.Qf2 Qa6 21.Ba1 
Bh6 22.Rc2 Rcd8 23.Qe2 Qb6 24.Rd1 a6 25.d5 cxd5 26.exd5 Bf5 27.Bd4 Qa5 28.
Rc5 Qa3 29.Rc7 Rc8 30.Bc5 Qa5 31.Rxc8 Rxc8 32.b4 Qa3 33.g4 Bd7 34.e6 fxe6 
35.Bxe7 Rc1 36.dxe6 Ba4 37.Rxc1 Qxc1+ 38.Qf1 Qxf1+ 39.Bxf1 Bc6+ 40.Bg2 
Bxg2+ 41.Kxg2 Bf8 42.Bc5 Bxc5 43.bxc5 Kf8 44.Kf3 Ke7 45.Ke4 Kxe6 46.g5 a5 
47.a4 Ke7 48.Ke5 Kd7 49.Kd5 Kc7 50.Kc4 Kc6 51.h3 b6 52.cxb6 Kxb6 53.Kd5 
Ka7 54.Kc5 1-0

[Event "EU-chT Seniors 07th"]
[Site "Dresden"]
[Date "2005.02.20"]
[Round "3"]
[White "Landgraf, Siegfried"]
[Black "Johannessen, Svein"]
[Result "1/2-1/2"]
[WhiteElo "2161"]
[BlackElo "2291"]
[EventDate "2005.02.18"]
[PlyCount "25"]

1.Nf3 Nc6 2.d4 d5 3.g3 Bg4 4.Bg2 Nf6 5.O-O e6 6.c4 Bxf3 7.Bxf3 Qd7 8.cxd5 
exd5 9.Nc3 Bb4 10.Bf4 Bxc3 11.bxc3 Na5 12.Be5 O-O-O 13.Rb1 1/2-1/2

[Event "EU-chT Seniors 07th"]
[Site "Dresden"]
[Date "2005.02.20"]
[Round "3"]
[White "MacDonald Ross, Michael"]
[Black "Hohler, Peter"]
[Result "1/2-1/2"]
[WhiteElo "2195"]
[BlackElo "2248"]
[EventDate "2005.02.18"]
[PlyCount "45"]

1.d4 Nf6 2.Nf3 d6 3.Nc3 Nbd7 4.e4 e5 5.Bc4 Be7 6.O-O O-O 7.Re1 c6 8.a4 h6 
9.Bf1 Re8 10.b3 Qc7 11.Bb2 Nf8 12.h3 Ng6 13.Nb1 Bf8 14.Nbd2 Be6 15.dxe5 
dxe5 16.Nc4 Rad8 17.Qc1 Nd7 18.Bc3 f6 19.Qb2 Bf7 20.Ncd2 Nc5 21.Bc4 Bxc4 
22.Nxc4 Ne6 23.Ne3 1/2-1/2

[Event "EU-chT Seniors 07th"]
[Site "Dresden"]
[Date "2005.02.20"]
[Round "3"]
[White "Malich, Burkhard"]
[Black "Petzold, Hans"]
[Result "1-0"]
[WhiteElo "2367"]
[BlackElo "2137"]
[EventDate "2005.02.18"]
[PlyCount "59"]

1.d4 Nf6 2.Nf3 e6 3.c4 Bb4+ 4.Bd2 Qe7 5.e3 b6 6.Be2 Bb7 7.O-O Bxd2 8.Qxd2 
d6 9.Nc3 O-O 10.Rad1 Ne4 11.Nxe4 Bxe4 12.Qc3 Nd7 13.Rfe1 Nf6 14.Nd2 Bb7 
15.Bf3 Bxf3 16.Nxf3 Rfe8 17.e4 e5 18.Qc2 c5 19.d5 Qd7 20.Nd2 Rf8 21.Rb1 
Nh5 22.g3 Qh3 23.Qd3 f5 24.exf5 Rxf5 25.Qf1 Qg4 26.Qg2 Qd4 27.Ne4 Raf8 28.
Red1 Rxf2 29.Nxf2 Qxc4 30.Ne4 1-0

[Event "EU-chT Seniors 07th"]
[Site "Dresden"]
[Date "2005.02.20"]
[Round "3"]
[White "Mann, Klaus Dieter"]
[Black "Stavenhagen, Johannes"]
[Result "1/2-1/2"]
[WhiteElo "2077"]
[BlackElo "1848"]
[EventDate "2005.02.18"]
[PlyCount "66"]

1.e4 d5 2.exd5 Qxd5 3.Nc3 Qa5 4.d4 Nf6 5.Bc4 c6 6.Nf3 Bg4 7.h3 Qh5 8.Be2 
e6 9.Be3 Bb4 10.Bd2 Nbd7 11.a3 Bd6 12.Be3 Nb6 13.Qd2 Bxf3 14.Bxf3 Qa5 15.
Nb1 Qxd2+ 16.Nxd2 Nfd5 17.c4 Nxe3 18.fxe3 Bg3+ 19.Ke2 f5 20.b4 O-O 21.Rac1
Rae8 22.Rhd1 e5 23.Nf1 Bh4 24.dxe5 Rxe5 25.Rd3 Rfe8 26.g3 Bg5 27.Rc2 R5e7 
28.Kf2 Nd7 29.Re2 Ne5 30.Rc3 Bf6 31.Rcc2 Nd3+ 32.Kg2 Ne5 33.Kf2 Nd3+ 
1/2-1/2

[Event "EU-chT Seniors 07th"]
[Site "Dresden"]
[Date "2005.02.20"]
[Round "3"]
[White "Montell Zabay, Albert"]
[Black "Gergs, Wolfgang"]
[Result "0-1"]
[WhiteElo "2121"]
[BlackElo "2190"]
[EventDate "2005.02.18"]
[PlyCount "52"]

1.e4 e5 2.Nf3 Nc6 3.Bb5 a6 4.Ba4 Nf6 5.O-O Be7 6.Re1 b5 7.Bb3 d6 8.c3 O-O 
9.h3 Na5 10.Bc2 c5 11.d4 Nc6 12.Nbd2 Qc7 13.dxc5 dxc5 14.Nf1 h6 15.Ne3 Be6
16.a4 Rfd8 17.Qe2 Rab8 18.axb5 axb5 19.Nh4 Bf8 20.g4 Ne7 21.Qf3 Nh7 22.
Nef5 Ng5 23.Qg3 g6 24.Nxe7+ Bxe7 25.f4 exf4 26.Bxf4 Qxf4 0-1

[Event "EU-chT Seniors 07th"]
[Site "Dresden"]
[Date "2005.02.20"]
[Round "3"]
[White "Mueller, Siegmar"]
[Black "Mueller Using, Detlev"]
[Result "0-1"]
[WhiteElo "2089"]
[BlackElo "2062"]
[EventDate "2005.02.18"]
[PlyCount "120"]

1.Nc3 Nf6 2.Nf3 c5 3.e4 Nc6 4.d4 cxd4 5.Nxd4 e5 6.Nxc6 bxc6 7.Bd3 Bb4 8.
O-O O-O 9.Bg5 h6 10.Bh4 d5 11.exd5 cxd5 12.Bxf6 Qxf6 13.Nxd5 Qd6 14.Ne3 
Rd8 15.Qf3 Rb8 16.Rad1 Bb7 17.Qg3 Qe7 18.a3 Ba5 19.Ng4 e4 20.Bc4 Kf8 21.
Ne3 Bc7 22.Rxd8+ Rxd8 23.Qg4 Bc8 24.Qh5 Be6 25.Bxe6 Qxe6 26.Qc5+ Qd6 27.
Qxd6+ Rxd6 28.Rd1 Rc6 29.Rd4 Be5 30.Rc4 Ra6 31.Nd5 g6 32.c3 Rd6 33.Ne3 f5 
34.g3 Rd2 35.Rb4 Kf7 36.Kf1 Ke6 37.Nc4 Rd7 38.Ke2 Bf6 39.Ra4 g5 40.Ne3 Be5
41.Ra6+ Rd6 42.Rxa7 f4 43.Nc4 Rd8 44.Ra6+ Kd5 45.Nxe5 Kxe5 46.gxf4+ gxf4 
47.Rxh6 f3+ 48.Ke1 Rb8 49.b4 Ra8 50.Rh5+ Kf4 51.Rh4+ Ke5 52.a4 Rg8 53.a5 
Rg1+ 54.Kd2 Rf1 55.a6 Rxf2+ 56.Ke1 e3 57.a7 Ra2 58.Rh5+ Kf4 59.Ra5 Rxh2 
60.Kd1 Rd2+ 0-1

[Event "EU-chT Seniors 07th"]
[Site "Dresden"]
[Date "2005.02.20"]
[Round "3"]
[White "Packroff, Hermann"]
[Black "Schwertel, Johann"]
[Result "0-1"]
[WhiteElo "2262"]
[BlackElo "2051"]
[EventDate "2005.02.18"]
[PlyCount "66"]

1.d4 d5 2.Nf3 Nf6 3.c4 c6 4.e3 e6 5.Nc3 Nbd7 6.Bd3 Bd6 7.O-O O-O 8.e4 dxe4
9.Nxe4 Nxe4 10.Bxe4 Nf6 11.Bc2 Qc7 12.Bg5 Bf4 13.Qd3 Bxg5 14.Nxg5 g6 15.
Qf3 Kg7 16.Rfe1 b6 17.c5 Ba6 18.Rxe6 Nd5 19.Re5 bxc5 20.Be4 cxd4 21.Rxd5 
cxd5 22.Bxd5 Rae8 23.h4 Re7 24.h5 Qe5 25.h6+ Kxh6 26.Nxf7+ Rexf7 27.Bxf7 
Kg7 28.Qa3 Qf6 29.Bd5 Qxf2+ 30.Kh1 Rf4 31.Qe7+ Kh6 32.Be6 Be2 33.Bh3 d3 
0-1

[Event "EU-chT Seniors 07th"]
[Site "Dresden"]
[Date "2005.02.20"]
[Round "3"]
[White "Perk, Egbert"]
[Black "Morgner, Siegfried"]
[Result "1-0"]
[WhiteElo "1980"]
[BlackElo "1964"]
[EventDate "2005.02.18"]
[PlyCount "49"]

1.d4 g6 2.e4 d6 3.Nc3 Bg7 4.Be3 Nd7 5.f4 c6 6.Nf3 Qa5 7.Bd3 Ngf6 8.O-O Ng4
9.Bc1 Qb6 10.Bc4 e6 11.h3 Ngf6 12.Bb3 O-O 13.Kh2 Qc7 14.e5 Nd5 15.Ne4 dxe5
16.dxe5 f6 17.c4 Ne7 18.Qd6 Qxd6 19.exd6 Nf5 20.c5 Re8 21.g4 Nh6 22.Nd4 
Nf8 23.f5 Kf7 24.Bxe6+ Bxe6 25.fxe6+ 1-0

[Event "EU-chT Seniors 07th"]
[Site "Dresden"]
[Date "2005.02.20"]
[Round "3"]
[White "Potthammel, Joerg"]
[Black "Petermann, Harald"]
[Result "1-0"]
[WhiteElo "2104"]
[BlackElo "1998"]
[EventDate "2005.02.18"]
[PlyCount "35"]

1.e4 e6 2.d4 d5 3.Nc3 Nf6 4.Bg5 dxe4 5.Nxe4 Be7 6.Bxf6 Bxf6 7.Nf3 Nd7 8.
Bc4 Qe7 9.O-O O-O 10.Re1 Rd8 11.Qe2 Nb6 12.Nxf6+ Qxf6 13.Bb3 Bd7 14.Ne5 
Be8 15.Rad1 Nd5 16.c3 Rac8 17.Qe4 Qf4 18.Bxd5 1-0

[Event "EU-chT Seniors 07th"]
[Site "Dresden"]
[Date "2005.02.20"]
[Round "3"]
[White "Reinholz, Siegfried"]
[Black "Tochtermann, Georg"]
[Result "1/2-1/2"]
[WhiteElo "2098"]
[BlackElo "2000"]
[EventDate "2005.02.18"]
[PlyCount "51"]

1.e4 d6 2.d4 Nf6 3.Bd3 c6 4.h3 e5 5.dxe5 dxe5 6.Nf3 Nbd7 7.Be3 Be7 8.Nbd2 
O-O 9.O-O Qc7 10.Qe2 Bc5 11.a3 Re8 12.Bc4 Bxe3 13.Qxe3 Nf8 14.Ng5 Ne6 15.
Nxe6 Bxe6 16.b4 b6 17.Rfd1 Rad8 18.Bxe6 Rxe6 19.Nc4 Re7 20.Rxd8+ Qxd8 21.
Nb2 Rd7 22.Nd3 Qc7 23.Re1 Ne8 24.g4 f6 25.Qg3 Qd8 26.Kg2 1/2-1/2

[Event "EU-chT Seniors 07th"]
[Site "Dresden"]
[Date "2005.02.20"]
[Round "3"]
[White "Rodriguez Vargas, Orestes"]
[Black "Rudnik, Heinz"]
[Result "1-0"]
[WhiteElo "2439"]
[BlackElo "2212"]
[EventDate "2005.02.18"]
[PlyCount "51"]

1.d4 Nf6 2.c4 g6 3.Nc3 Bg7 4.e4 d6 5.f4 c5 6.d5 h5 7.Nf3 Na6 8.Bd3 Bg4 9.
O-O Nd7 10.h3 Bd4+ 11.Kh1 g5 12.e5 Bxf3 13.Qxf3 g4 14.Qg3 dxe5 15.Nb5 e4 
16.Bxe4 Nf6 17.Bf5 h4 18.Qe1 Nh5 19.Qxh4 gxh3 20.Bxh3 e6 21.Qe1 Qf6 22.Be3
O-O-O 23.Rf3 Kb8 24.Rd1 Nc7 25.Nxd4 cxd4 26.Bxd4 1-0

[Event "EU-chT Seniors 07th"]
[Site "Dresden"]
[Date "2005.02.20"]
[Round "3"]
[White "Rovenski, Evjenij"]
[Black "Vager, Boris"]
[Result "1-0"]
[WhiteElo "2275"]
[BlackElo "2248"]
[EventDate "2005.02.18"]
[PlyCount "31"]

1.c4 e5 2.e4 Nc6 3.g3 d6 4.Bg2 f5 5.Nc3 Nf6 6.Nge2 Be7 7.O-O O-O 8.d4 fxe4
9.Nxe4 Bg4 10.f3 Nxe4 11.fxg4 Rxf1+ 12.Qxf1 Nf6 13.g5 Nd7 14.g6 hxg6 15.
Bd5+ Kh7 16.Qh3+ 1-0

[Event "EU-chT Seniors 07th"]
[Site "Dresden"]
[Date "2005.02.20"]
[Round "3"]
[White "Sattler, Franz"]
[Black "Franz, Joachim"]
[Result "0-1"]
[WhiteElo "2044"]
[BlackElo "2209"]
[EventDate "2005.02.18"]
[PlyCount "76"]

1.Nf3 f5 2.c4 Nf6 3.g3 d6 4.d4 g6 5.Bg2 Bg7 6.O-O O-O 7.Nc3 Qe8 8.Qb3 Na6 
9.c5+ Kh8 10.cxd6 exd6 11.Be3 c6 12.d5 c5 13.Bf4 Qe7 14.Nb5 Rd8 15.Nd2 Nh5
16.Be3 Nc7 17.Nxc7 Qxc7 18.Bg5 Re8 19.e4 fxe4 20.Nxe4 Bf5 21.Rae1 h6 22.
Bd2 Re7 23.Bc3 Rae8 24.f3 Rf7 25.Nf2 Rxe1 26.Rxe1 Nf6 27.g4 Bd7 28.Qc2 Kh7
29.Qd1 b5 30.Ne4 Nxe4 31.Bxg7 Kxg7 32.Rxe4 Qd8 33.Qd2 Qf6 34.h3 g5 35.b3 
b4 36.Re3 a5 37.Bf1 Rf8 38.Bd3 Qd4 0-1

[Event "EU-chT Seniors 07th"]
[Site "Dresden"]
[Date "2005.02.20"]
[Round "3"]
[White "Schenk, Dieter"]
[Black "Lieb, Harald"]
[Result "1/2-1/2"]
[WhiteElo "2000"]
[BlackElo "2276"]
[EventDate "2005.02.18"]
[PlyCount "27"]

1.e4 e6 2.d4 d5 3.e5 c5 4.c3 Nc6 5.Nf3 Bd7 6.a3 cxd4 7.cxd4 f6 8.Nc3 fxe5 
9.dxe5 Bc5 10.Bd3 Nge7 11.Na4 Bb6 12.Nxb6 Qxb6 13.O-O O-O 14.Qe2 1/2-1/2

[Event "EU-chT Seniors 07th"]
[Site "Dresden"]
[Date "2005.02.20"]
[Round "3"]
[White "Schenk, Manfred"]
[Black "Baumbach, Friedrich"]
[Result "1/2-1/2"]
[WhiteElo "2177"]
[BlackElo "2279"]
[EventDate "2005.02.18"]
[PlyCount "38"]

1.d4 d5 2.c4 e6 3.Nc3 Nf6 4.Nf3 Be7 5.Bg5 O-O 6.e3 h6 7.Bh4 b6 8.Be2 Bb7 
9.cxd5 Nxd5 10.Bxe7 Qxe7 11.Nxd5 Bxd5 12.O-O Nd7 13.Rc1 c5 14.Qa4 a6 15.
Rfd1 Rfc8 16.b3 Kf8 17.dxc5 Nxc5 18.Qd4 Qb7 19.Ne1 a5 1/2-1/2

[Event "EU-chT Seniors 07th"]
[Site "Dresden"]
[Date "2005.02.20"]
[Round "3"]
[White "Schmidt, Wolfgang3"]
[Black "Opl, Klaus"]
[Result "1/2-1/2"]
[WhiteElo "2317"]
[BlackElo "2324"]
[EventDate "2005.02.18"]
[PlyCount "65"]

1.d4 Nf6 2.c4 e6 3.Nc3 Bb4 4.Qc2 c5 5.dxc5 O-O 6.a3 Bxc5 7.Nf3 b6 8.Bg5 
Nc6 9.Rd1 h6 10.Bh4 Be7 11.e4 Nh5 12.Bxe7 Qxe7 13.Be2 Nf4 14.O-O Bb7 15.
Nb5 d5 16.exd5 exd5 17.Rfe1 Qc5 18.Bf1 d4 19.b4 Qh5 20.Nd6 Nxb4 21.axb4 
Bxf3 22.gxf3 d3 23.Rxd3 Qg6+ 24.Kh1 Nxd3 25.Qxd3 a5 26.Qd5 axb4 27.Bd3 Qf6
28.Nf5 Rfe8 29.Rg1 Ra1 30.Bb1 Kh8 31.Qd3 Qc3 32.Qd5 Qe5 33.Qd3 1/2-1/2

[Event "EU-chT Seniors 07th"]
[Site "Dresden"]
[Date "2005.02.20"]
[Round "3"]
[White "Schroeter, Helmut"]
[Black "Kristiansen, Erling"]
[Result "1/2-1/2"]
[WhiteElo "1969"]
[BlackElo "2267"]
[EventDate "2005.02.18"]
[PlyCount "57"]

1.f4 Nf6 2.Nf3 d6 3.g3 c5 4.Bg2 Nc6 5.d3 g6 6.O-O Bg7 7.Nc3 O-O 8.e4 Rb8 
9.Bd2 b5 10.Qe1 b4 11.Nd1 Qb6 12.Kh1 Nd4 13.Nxd4 cxd4 14.h3 e5 15.b3 Qc5 
16.fxe5 dxe5 17.Rc1 Nd7 18.Nb2 a5 19.Nc4 Nb6 20.Rb1 Nxc4 21.bxc4 Be6 22.
Kh2 Rb6 23.g4 Rfb8 24.Qh4 R6b7 25.Rb2 a4 26.Rfb1 a3 27.Rb3 Bd7 28.Qe1 Bf8 
29.Rc1 1/2-1/2

[Event "EU-chT Seniors 07th"]
[Site "Dresden"]
[Date "2005.02.20"]
[Round "3"]
[White "Schwier, Manfred"]
[Black "Gaprindashvili, Nona"]
[Result "0-1"]
[WhiteElo "2142"]
[BlackElo "2309"]
[EventDate "2005.02.18"]
[PlyCount "102"]

1.e4 b6 2.d4 Bb7 3.f3 e6 4.Be3 d5 5.e5 c5 6.c3 g6 7.Bd3 h5 8.Ne2 Nh6 9.Qd2
Nf5 10.Bg5 Be7 11.Bxe7 Qxe7 12.Na3 Ba6 13.Bxa6 Nxa6 14.Nc2 Nb8 15.Ne3 Nc6 
16.Nxf5 gxf5 17.f4 O-O-O 18.O-O-O Rdg8 19.Ng1 cxd4 20.cxd4 Na5 21.Nf3 Nc4 
22.Qf2 Kb7 23.Kb1 Rc8 24.Nd2 Qb4 25.Nxc4 Rxc4 26.Rd2 Rhc8 27.Rhd1 a5 28.
Rd3 a4 29.Qd2 Qb5 30.a3 Qc6 31.g3 Rc7 32.h4 Rc2 33.Qb4 Rc4 34.Qd2 b5 35.
Qe1 Kb6 36.Qd2 b4 37.axb4 Rc2 38.Qe1 Qc4 39.Ra3 Kb5 40.b3 axb3 41.Ra5+ Kb6
42.Rc5 Rxc5 43.bxc5+ Kb5 44.Rd2 Kc6 45.Qd1 Rc3 46.Rg2 Rd3 47.Rd2 Rxg3 48.
Qe1 Rf3 49.Rf2 Qd3+ 50.Kc1 b2+ 51.Kxb2 Qxd4+ 0-1

[Event "EU-chT Seniors 07th"]
[Site "Dresden"]
[Date "2005.02.20"]
[Round "3"]
[White "Stuerzenbaum, Arthur"]
[Black "Staller, Peter"]
[Result "1/2-1/2"]
[WhiteElo "2202"]
[BlackElo "2279"]
[EventDate "2005.02.18"]
[PlyCount "28"]

1.e4 e6 2.d4 d5 3.e5 c5 4.c3 Nc6 5.Nf3 Bd7 6.Be2 Nh6 7.O-O cxd4 8.cxd4 Nf5
9.Nc3 h5 10.Bg5 Qb6 11.Na4 Qa5 12.Bd2 Qd8 13.Bg5 Qa5 14.Bd2 Qd8 1/2-1/2

[Event "EU-chT Seniors 07th"]
[Site "Dresden"]
[Date "2005.02.20"]
[Round "3"]
[White "Taksrud, Vidar"]
[Black "Mueckan, Friedbert"]
[Result "1-0"]
[WhiteElo "2025"]
[BlackElo "2051"]
[EventDate "2005.02.18"]
[PlyCount "106"]

1.d4 Nf6 2.Nf3 g6 3.g3 Bg7 4.Bg2 d5 5.O-O O-O 6.c4 c6 7.Nc3 Na6 8.Ne5 Nc7 
9.h3 Be6 10.c5 Nd7 11.Nxd7 Qxd7 12.Kh2 Ne8 13.e3 Nf6 14.Bd2 h5 15.f4 Bf5 
16.b4 Rfb8 17.Qe2 Kh7 18.Rfc1 Rd8 19.Be1 Qc8 20.a4 Qd7 21.Ra2 Rdb8 22.b5 
Qc8 23.Rb2 Kg8 24.a5 Kh7 25.Rb4 cxb5 26.Rxb5 Qc6 27.Qb2 Bd3 28.Rb4 Ba6 29.
Qc2 e6 30.Rcb1 Rd8 31.R1b2 Rac8 32.Bf3 Kg8 33.Qg2 Qc7 34.Ra4 Qc6 35.Ra1 
Rb8 36.g4 hxg4 37.hxg4 Kf8 38.Bh4 Rd7 39.Qg3 Ra8 40.f5 Ke8 41.g5 Ne4 42.
Bxe4 dxe4 43.f6 Bf8 44.Qe5 Bd6 45.cxd6 Qxc3 46.Raa2 Qxe3 47.Rc2 Qb3 48.
Rab2 Qa3 49.Bg3 Bd3 50.d5 Bxc2 51.dxe6 Rxd6 52.exf7+ Kd7 53.Qe7+ Kc6 1-0

[Event "EU-chT Seniors 07th"]
[Site "Dresden"]
[Date "2005.02.20"]
[Round "3"]
[White "Thiessen, Klaus Hinrich"]
[Black "Uhlmann, Wolfgang"]
[Result "0-1"]
[WhiteElo "2237"]
[BlackElo "2420"]
[EventDate "2005.02.18"]
[PlyCount "54"]

1.d4 Nf6 2.c4 g6 3.Nc3 Bg7 4.Nf3 O-O 5.e3 c5 6.Be2 cxd4 7.Nxd4 Nc6 8.Nc2 
d6 9.O-O Bf5 10.f3 Bxc2 11.Qxc2 Rc8 12.Qd2 Ne5 13.Rb1 Nxc4 14.Bxc4 Rxc4 
15.b3 Rc6 16.Bb2 Qa5 17.a3 Rfc8 18.b4 Qg5 19.Rfc1 a6 20.Ne2 Qd5 21.Rxc6 
Rxc6 22.Qe1 e5 23.Nc3 Qb3 24.Qd2 d5 25.Ba1 Qxa3 26.Qc2 d4 27.Rb3 Qxa1+ 0-1

[Event "EU-chT Seniors 07th"]
[Site "Dresden"]
[Date "2005.02.20"]
[Round "3"]
[White "Titz, Heimo"]
[Black "Barlocco, Carlo"]
[Result "0-1"]
[WhiteElo "2176"]
[BlackElo "2156"]
[EventDate "2005.02.18"]
[PlyCount "150"]

1.c4 Nc6 2.d4 e5 3.d5 Bb4+ 4.Bd2 Bxd2+ 5.Qxd2 Nce7 6.Nc3 d6 7.e4 f5 8.exf5
Bxf5 9.Bd3 Nf6 10.Nge2 O-O 11.O-O Bxd3 12.Qxd3 Nh5 13.g3 Qd7 14.f3 a6 15.
Rad1 Rae8 16.Ne4 h6 17.c5 Nf6 18.N2c3 Nf5 19.b4 Nxe4 20.Nxe4 g5 21.Kg2 Nd4
22.cxd6 cxd6 23.Rc1 Rf7 24.Nd2 Kg7 25.Nb3 Nxb3 26.axb3 Qf5 27.Qxf5 Rxf5 
28.Rc7+ Rf7 29.Rxf7+ Kxf7 30.Rc1 Re7 31.Kf2 e4 32.f4 gxf4 33.gxf4 e3+ 34.
Ke2 Kf6 35.Rc3 Re4 36.Rxe3 Kf5 37.Kd3 Rxb4 38.Kc3 Rxf4 39.Re6 Rh4 40.Rxd6 
Ke5 41.Rd7 b5 42.d6 b4+ 43.Kd3 Kd5 44.Ra7 Rh3+ 45.Kc2 Rxh2+ 46.Kd3 Rh3+ 
47.Kd2 Kxd6 48.Rxa6+ Kd5 49.Rb6 Kc5 50.Rf6 Rh4 51.Ke3 Kd5 52.Rf5+ Ke6 53.
Rb5 Kd7 54.Rb6 h5 55.Kd3 Rg4 56.Rh6 h4 57.Ke3 Ke7 58.Kf3 Rg3+ 59.Kf4 Rxb3 
60.Rxh4 Kd6 61.Rh5 Kc6 62.Ke4 Rc3 63.Kd4 Kb6 64.Rg5 Ka6 65.Rh5 Rc1 66.Rh8 
Kb5 67.Kd3 Ka4 68.Kd2 Rc7 69.Rh3 b3 70.Rh6 Ka3 71.Rb6 Kb2 72.Kd3 Rd7+ 73.
Kc4 Kc2 74.Kb4 b2 75.Rc6+ Kd2 0-1